000 00672nam a22001937a 4500
999 _c194234
_d194234
005 20221212114938.0
010 _aUR-11790
020 _a9789391238636
_c250.00
035 _aU-10345
037 _bDBAD/PUB
_a-
082 _a841
100 _aسرفراز اشہر
245 _aخوابوں کا اک جزیرہ :
_b(شعری مجموعہ) /
_cسرفراز اشہر
_hا ر د و
246 _aKhwabon ka ek jazeera (Poetry) /
_bby Sarfaraz Ashhar
260 _aNew Delhi
_bEducational Publishing House
_c2021 ء
270 _aH.o. D1/16, Ansari Road, Darya Ganj
_bNew Delhi
_e110002
300 _a140 ص
_c23cm(Hb)
942 _2ddc
_cUR
_h841
_mس ر ف